Movies Quiz

Random Movies or Nominee Quiz

HCHS 2019 Academy Award Winners/Nominees Quiz Stats

 Plays Quiz not verified by Sporcle

Score 0/27 Timer 10:00
0 Plays Today
% Correct
Green Book
100%
Rami Malek
100%
Olivia Colman
100%
Mahershala Ali
100%
Regina King
100%
Alfonso Cuarón
100%
BlacKkKlansman
100%
Green Book
100%
Cicely Tyson
100%
Spider-Man: Into the Spider-Verse
93.3%
Roma
93.3%
Black Panther
93.3%
Shallow
93.3%
Black Panther
93.3%
% Correct
Bao
93.3%
Free Solo
86.7%
Bohemian Rhapsody
86.7%
Bohemian Rhapsody
86.7%
Period. End of Sentence.
86.7%
Marvin Levy and Lalo Schifrin
86.7%
Roma
80%
Black Panther
80%
First Man
80%
Vice
73.3%
Bohemian Rhapsody
73.3%
Kathleen Kennedy and Frank Marshall
73.3%
Skin
60%

You're not logged in!

Compare scores with friends on all Sporcle quizzes.
OR
Log In

Show Comments

Extras

Top Quizzes Today


Score Distribution

Your Account Isn't Verified!

In order to create a playlist on Sporcle, you need to verify the email address you used during registration. Go to your Sporcle Settings to finish the process.

Report this User

Report this user for behavior that violates our Community Guidelines.

Details: